[Event "67th ch-RUS HL 2014"]
[Site "Vladivostok RUS"]
[Date "2014.06.04"]
[Round "1.24"]
[White "Nazaretyan, Tigran"]
[Black "Belous, Vladimir"]
[Result "0-1"]
[BlackTitle "GM"]
[WhiteElo "2195"]
[BlackElo "2586"]
[WhiteFideId "24162345"]
[BlackFideId "4174003"]
[EventDate "2014.06.04"]

1. Nf3 Nf6 2. g3 g6 3. Bg2 Bg7 4. O-O O-O 5. d3 d5 6. Nbd2 c5 7. c3 Nc6 8. e4 d4
9. c4 a6 10. h3 Rb8 11. Ne1 e5 12. Kh2 Kh8 13. Nc2 b5 14. cxb5 axb5 15. a4 bxa4
16. Rxa4 Nd7 17. Ra1 Nb6 18. b3 Be6 19. Nc4 Nd7 20. Ra3 Qc7 21. f4 exf4 22. Bxf4
Nde5 23. Ne1 h6 24. Ra6 Qc8 25. Rb6 g5 26. Rxb8 Qxb8 27. Bc1 Nxc4 28. bxc4 Qb1
29. Qc2 Rb8 30. Qd1 Ne5 31. Rf2 Rb3 32. Bf1 Rc3 33. Rc2 Nf3+ 34. Kh1 Nxe1 35.
Rxc3 dxc3 36. Qxe1 Be5 37. Kg2 c2 38. Qe3 Bd4 39. Qd2 Bb2 0-1

[Event "67th ch-RUS HL 2014"]
[Site "Vladivostok RUS"]
[Date "2014.06.05"]
[Round "2.1"]
[White "Demchenko, Anton"]
[Black "Tomashevsky, Evgeny"]
[Result "1/2-1/2"]
[WhiteTitle "GM"]
[BlackTitle "GM"]
[WhiteElo "2613"]
[BlackElo "2695"]
[WhiteFideId "4160258"]
[BlackFideId "4147235"]
[EventDate "2014.06.04"]

1. e4 e5 2. Nf3 Nc6 3. Bc4 Bc5 4. c3 Nf6 5. d3 O-O 6. O-O d5 7. exd5 Nxd5 8. a4
a6 9. Nbd2 Nb6 10. Ba2 Bg4 11. h3 Bh5 12. a5 Nd7 13. Ne4 Be7 14. b4 Kh8 15. Ng3
Bg6 16. Bd5 f5 17. Qb3 h6 18. Re1 Bd6 19. Bb2 Qf6 20. Re2 Rae8 21. Bxc6 bxc6 22.
Rae1 Qf7 23. Qa4 e4 24. dxe4 fxe4 25. Nxe4 Rxe4 26. Rxe4 Bxe4 27. Rxe4 Qg6 28.
Nd2 Nf6 29. Rh4 Qd3 30. Qd1 Be5 31. Qc1 Nd5 32. Nf3 Rxf3 33. gxf3 Qxf3 34. c4
Nf4 35. Rxf4 Bxf4 36. Qc3 Bh2+ 37. Kxh2 Qxf2+ 38. Kh1 Qf1+ 39. Kh2 Qf2+ 40. Kh1
Qf1+ 41. Kh2 1/2-1/2

[Event "67th ch-RUS HL 2014"]
[Site "Vladivostok RUS"]
[Date "2014.06.05"]
[Round "2.2"]
[White "Khismatullin, Denis"]
[Black "Goganov, Aleksey"]
[Result "1/2-1/2"]
[WhiteTitle "GM"]
[BlackTitle "GM"]
[WhiteElo "2671"]
[BlackElo "2591"]
[WhiteFideId "4142578"]
[BlackFideId "24109959"]
[EventDate "2014.06.04"]

1. c4 c6 2. Nf3 d5 3. e3 Nf6 4. d4 e6 5. Bd3 dxc4 6. Bxc4 Nbd7 7. O-O Bd6 8. Nc3
O-O 9. Bd2 a6 10. Qc2 c5 11. Ne4 Nxe4 12. Qxe4 Nf6 13. Qh4 b5 14. Be2 Bb7 15.
dxc5 Bxc5 16. Rfd1 Ne4 17. Qxd8 Rfxd8 18. Ba5 Rxd1+ 19. Rxd1 Bd5 20. Rc1 Bd6 21.
Nd4 Bxa2 22. b3 Nc5 23. Bf3 Re8 24. b4 Nd3 25. Rc6 Bxb4 26. Rxa6 Bf8 27. Nxb5
Bc4 28. Rb6 Ne5 29. Nd6 Bxd6 30. Rxd6 Nxf3+ 31. gxf3 f6 32. Rd8 Rxd8 33. Bxd8 e5 1/2-1/2

[Event "67th ch-RUS HL 2014"]
[Site "Vladivostok RUS"]
[Date "2014.06.05"]
[Round "2.3"]
[White "Bukavshin, Ivan"]
[Black "Lysyj, Igor"]
[Result "1/2-1/2"]
[WhiteTitle "GM"]
[BlackTitle "GM"]
[WhiteElo "2607"]
[BlackElo "2670"]
[WhiteFideId "4199758"]
[BlackFideId "4150120"]
[EventDate "2014.06.04"]

1. d4 Nf6 2. c4 e6 3. Nc3 Bb4 4. Nf3 b6 5. e3 Ne4 6. Qc2 Bb7 7. Bd3 f5 8. O-O
Nxc3 9. bxc3 Bxf3 10. gxf3 Bd6 11. Kh1 Bxh2 12. Kxh2 Qh4+ 13. Kg2 Qg5+ 14. Kh2
Qh4+ 15. Kg2 Qg5+ 16. Kh2 1/2-1/2

[Event "67th ch-RUS HL 2014"]
[Site "Vladivostok RUS"]
[Date "2014.06.05"]
[Round "2.4"]
[White "Fedoseev, Vladimir3"]
[Black "Vorobiov, Evgeny E."]
[Result "1-0"]
[WhiteTitle "GM"]
[BlackTitle "GM"]
[WhiteElo "2662"]
[BlackElo "2587"]
[WhiteFideId "24130737"]
[BlackFideId "4121341"]
[EventDate "2014.06.04"]

1. e4 c5 2. Nf3 Nc6 3. Bb5 e6 4. Bxc6 bxc6 5. d3 Ne7 6. Qe2 d5 7. h4 a5 8. h5 a4
9. c4 f6 10. h6 Ng6 11. exd5 cxd5 12. cxd5 Qxd5 13. Nc3 Qc6 14. Be3 gxh6 15.
O-O-O e5 16. Bxh6 Bxh6+ 17. Rxh6 Kf7 18. Nh4 Nxh4 19. Qh5+ Kg7 20. Qxh4 Bf5 21.
Nd5 Bg6 22. Ne7 Qe8 23. Nf5+ 1-0

[Event "67th ch-RUS HL 2014"]
[Site "Vladivostok RUS"]
[Date "2014.06.05"]
[Round "2.5"]
[White "Maletin, Pavel"]
[Black "Grachev, Boris"]
[Result "1/2-1/2"]
[WhiteTitle "GM"]
[BlackTitle "GM"]
[WhiteElo "2588"]
[BlackElo "2661"]
[WhiteFideId "4146786"]
[BlackFideId "4129199"]
[EventDate "2014.06.04"]

1. d4 d5 2. c4 e6 3. Nc3 Nf6 4. cxd5 exd5 5. Bg5 c6 6. e3 Be7 7. Bd3 Nbd7 8.
Nge2 Nh5 9. Bxe7 Qxe7 10. O-O O-O 11. Qb1 Nhf6 12. b4 a6 13. a4 b6 14. a5 b5 15.
Ng3 Re8 16. Re1 Nf8 17. e4 dxe4 18. Ncxe4 Be6 19. Nc5 Qd6 20. Qb2 N8d7 21. Nxe6
Rxe6 22. Nf5 Qf8 23. Rxe6 fxe6 24. Ne3 Qd6 25. Re1 Rd8 26. Bb1 Nf8 27. Rd1 Ng6
28. Bxg6 hxg6 29. g3 Nd5 30. Nxd5 Qxd5 31. Rc1 Qxd4 32. Qxd4 Rxd4 33. Rxc6 Kf7
34. Rxa6 Rxb4 35. Rb6 Rb1+ 36. Kg2 b4 37. a6 Ra1 38. Rxb4 Rxa6 39. h4 Ra5 40.
Rc4 Rb5 1/2-1/2

[Event "67th ch-RUS HL 2014"]
[Site "Vladivostok RUS"]
[Date "2014.06.05"]
[Round "2.6"]
[White "Belous, Vladimir"]
[Black "Shimanov, Aleksandr"]
[Result "0-1"]
[WhiteTitle "GM"]
[BlackTitle "GM"]
[WhiteElo "2586"]
[BlackElo "2643"]
[WhiteFideId "4174003"]
[BlackFideId "4198603"]
[EventDate "2014.06.04"]

1. c4 c6 2. d4 d5 3. Nf3 Nf6 4. e3 Bf5 5. Nc3 e6 6. Nh4 Be4 7. f3 Bg6 8. Qb3 Qc7
9. g3 Nbd7 10. cxd5 exd5 11. e4 dxe4 12. Nxg6 hxg6 13. fxe4 Nb6 14. Bf4 Qe7 15.
O-O-O Nh5 16. d5 Nxf4 17. gxf4 Qb4 18. dxc6 Qxb3 19. axb3 bxc6 20. Bg2 Rh4 21.
f5 gxf5 22. exf5 Rc8 23. Ne4 Be7 24. Rhe1 Kf8 25. Nd6 Bxd6 26. Rxd6 Rxh2 27.
Bxc6 Rh6 0-1

[Event "67th ch-RUS HL 2014"]
[Site "Vladivostok RUS"]
[Date "2014.06.05"]
[Round "2.7"]
[White "Zvjaginsev, Vadim"]
[Black "Stukopin, Andrey"]
[Result "1-0"]
[WhiteTitle "GM"]
[BlackTitle "GM"]
[WhiteElo "2642"]
[BlackElo "2546"]
[WhiteFideId "4113403"]
[BlackFideId "24107131"]
[EventDate "2014.06.04"]

1. e4 c5 2. Nf3 d6 3. Bd3 Nc6 4. O-O g6 5. c3 Bg7 6. Bb5 a6 7. Bxc6+ bxc6 8. h3
Nh6 9. d4 cxd4 10. cxd4 f6 11. Nc3 O-O 12. Be3 Nf7 13. Re1 Rb8 14. Qe2 Qb6 15.
d5 c5 16. b4 f5 17. Rec1 Ne5 18. Nxe5 Bxe5 19. bxc5 Qa5 20. Qd2 f4 21. Bd4 Bxd4
22. Qxd4 Rb4 23. Qd2 Qxc5 24. Ne2 Qb6 25. Rc6 Rb1+ 26. Nc1 Qb2 27. Qxb2 Rxb2 28.
f3 g5 29. Nb3 Bd7 30. Rc7 Rc8 31. Rxc8+ Bxc8 32. Rc1 Bd7 33. Rc7 Bb5 34. Rxe7
Rb1+ 35. Kh2 Rb2 36. Kg1 Rb1+ 37. Kh2 Rb2 38. e5 dxe5 39. d6 Kf8 40. Rxe5 h6 41.
Nd4 Bd7 42. Ne6+ Bxe6 43. Rxe6 Kg7 44. a4 Rd2 45. a5 Rd5 46. d7 Rxd7 47. h4 gxh4
48. Kh3 Rd5 49. Rxa6 Rg5 50. Kh2 Rg3 51. Rb6 h3 52. Rb2 Kf7 53. a6 Rg5 54. Ra2
hxg2 55. Kg1 Rg8 56. a7 Ra8 57. Kxg2 Ke6 58. Kh3 Kd7 59. Kg4 Kc7 60. Kh5 1-0

[Event "67th ch-RUS HL 2014"]
[Site "Vladivostok RUS"]
[Date "2014.06.05"]
[Round "2.8"]
[White "Gabrielian, Artur"]
[Black "Kobalia, Mikhail"]
[Result "1/2-1/2"]
[WhiteTitle "GM"]
[BlackTitle "GM"]
[WhiteElo "2544"]
[BlackElo "2627"]
[WhiteFideId "4131002"]
[BlackFideId "4119150"]
[EventDate "2014.06.04"]

1. Nf3 d5 2. g3 Bg4 3. Bg2 Nd7 4. d3 c6 5. O-O Ngf6 6. h3 Bh5 7. Nbd2 e5 8. e4
dxe4 9. dxe4 Bc5 10. Qe1 Qc7 11. Nh4 O-O 12. Nb3 Bb6 13. a4 a5 14. Bg5 Rfe8 15.
Kh1 h6 16. Be3 Nf8 17. Bxb6 Qxb6 18. Nf5 Qc7 19. Qc3 Bg6 20. Rfe1 Red8 21. Rad1
Rxd1 22. Rxd1 Ne6 23. Nc5 Bxf5 24. exf5 Nxc5 25. Qxc5 Rd8 26. Rxd8+ Qxd8 27.
Qxe5 Qd1+ 28. Kh2 Qxc2 29. Qb8+ Kh7 30. Qxb7 Qxf2 31. Qxf7 Qxb2 32. Qc7 Qf2 33.
Qxc6 Qxf5 34. Qc3 h5 35. Kg1 Qb1+ 36. Kh2 Qf5 37. Kg1 Qb1+ 38. Kh2 1/2-1/2

[Event "67th ch-RUS HL 2014"]
[Site "Vladivostok RUS"]
[Date "2014.06.05"]
[Round "2.9"]
[White "Iskusnyh, Sergei"]
[Black "Jakovenko, Dmitry"]
[Result "0-1"]
[WhiteTitle "GM"]
[BlackTitle "GM"]
[WhiteElo "2478"]
[BlackElo "2736"]
[WhiteFideId "4120027"]
[BlackFideId "4122356"]
[EventDate "2014.06.04"]

1. d4 Nf6 2. c4 e6 3. Nf3 b6 4. g3 Ba6 5. b3 d5 6. Bg2 Bb4+ 7. Bd2 Be7 8. cxd5
exd5 9. O-O O-O 10. Nc3 Bb7 11. Qc2 Na6 12. Rfd1 Qc8 13. Bc1 Ne4 14. Bb2 Nb4 15.
Qb1 a5 16. a3 Nxc3 17. Bxc3 Nc6 18. Qb2 Na7 19. Rdc1 Nb5 20. Bd2 c5 21. b4 axb4
22. Bxb4 Qe6 23. dxc5 Bf6 24. Qd2 Bxa1 25. c6 Bxc6 26. Bxf8 Bc3 27. Rxc3 Nxc3
28. Qxc3 Rxf8 29. Nd4 Qf6 30. Qxc6 Qxd4 31. Bxd5 Qd1+ 32. Kg2 Qxe2 33. Qxb6 Qd3
34. Qd6 Qb5 35. Qc6 Qxc6 36. Bxc6 Rc8 37. Bb5 g5 38. a4 Rc3 39. h3 Kg7 40. Kf1
Ra3 41. Kg2 Kf6 42. g4 Ke5 43. Bd7 h6 44. Kh2 Ke4 45. Kg2 Kd3 46. f3 Ke3 47. Kg3
Ra1 48. Bc6 Rg1+ 49. Kh2 Kf2 50. h4 gxh4 51. Bb7 Ra1 52. Bc6 f6 53. f4 Ke3 54.
Kh3 Kxf4 55. Kxh4 Rg1 56. Kh5 Rxg4 57. Kxh6 Rg1 58. Bb5 Ra1 59. Kg6 Ke5 60. Kf7
f5 0-1

[Event "67th ch-RUS HL 2014"]
[Site "Vladivostok RUS"]
[Date "2014.06.05"]
[Round "2.11"]
[White "Inarkiev, Ernesto"]
[Black "Oparin, Grigoriy"]
[Result "1/2-1/2"]
[WhiteTitle "GM"]
[BlackTitle "GM"]
[WhiteElo "2682"]
[BlackElo "2552"]
[WhiteFideId "4162722"]
[BlackFideId "24125890"]
[EventDate "2014.06.04"]

1. e4 c5 2. Nf3 d6 3. d4 cxd4 4. Nxd4 Nf6 5. Nc3 a6 6. h3 e5 7. Nde2 h5 8. g3
Be7 9. Bg2 Nbd7 10. a4 b6 11. O-O Bb7 12. Nd5 h4 13. Nec3 Rc8 14. Nxe7 Qxe7 15.
Ra3 Rc4 16. Qe2 Rb4 17. Nd5 Nxd5 18. exd5 Nc5 19. Bd2 Rxa4 20. Rxa4 Nxa4 21. Qg4
b5 22. b3 Nb6 23. Ba5 Nd7 24. Qxg7 Qf6 25. Qg4 Qg6 26. Qf3 f5 27. c4 Rg8 28. Kh2
Nc5 29. Re1 Kd7 30. Bf1 hxg3+ 31. fxg3 f4 32. b4 Qxg3+ 33. Qxg3 fxg3+ 34. Kg1
Nb3 35. cxb5 g2 36. Be2 axb5 37. Bg4+ Ke7 38. Rd1 Nd4 39. Bb6 Bxd5 40. Bxd4 exd4
41. Rxd4 Rg5 42. Rf4 Re5 43. Bf3 Bxf3 44. Rxf3 Re4 45. Rb3 Re2 46. Rg3 Rb2 47.
Rg4 d5 48. h4 Rc2 49. h5 Rc4 50. Rxg2 Rxb4 51. h6 Rh4 52. Rg6 b4 53. Rb6 Kd7 54.
Kg2 Kc7 55. Kg3 Rh1 56. Rxb4 Rxh6 57. Kf3 Re6 58. Rb3 Kc6 1/2-1/2

[Event "67th ch-RUS HL 2014"]
[Site "Vladivostok RUS"]
[Date "2014.06.05"]
[Round "2.12"]
[White "Gochelashvili, David"]
[Black "Alekseev, Evgeny"]
[Result "0-1"]
[WhiteTitle "IM"]
[BlackTitle "GM"]
[WhiteElo "2431"]
[BlackElo "2673"]
[WhiteFideId "4161203"]
[BlackFideId "4138147"]
[EventDate "2014.06.04"]

1. c4 e6 2. Nf3 d5 3. b3 d4 4. e3 c5 5. exd4 cxd4 6. g3 Nc6 7. Bg2 Nf6 8. O-O
Bd6 9. Na3 O-O 10. Nc2 e5 11. d3 Re8 12. Re1 a5 13. Ng5 Bf5 14. Ne4 Nxe4 15.
Bxe4 Bxe4 16. Rxe4 f5 17. Re1 Qd7 18. Qf3 e4 19. dxe4 Ne5 20. Qg2 Nd3 21. Re2
Nxc1 22. Rxc1 d3 23. Rd2 fxe4 24. Ne3 Bb4 25. Rdd1 Bc5 26. Nd5 Rf8 27. Rd2 Rf3
28. Re1 Qf5 29. Nc3 e3 30. fxe3 Rxe3 0-1

[Event "67th ch-RUS HL 2014"]
[Site "Vladivostok RUS"]
[Date "2014.06.05"]
[Round "2.13"]
[White "Najer, Evgeniy"]
[Black "Usmanov, Vasily"]
[Result "1-0"]
[WhiteTitle "GM"]
[WhiteElo "2653"]
[BlackElo "2428"]
[WhiteFideId "4118987"]
[BlackFideId "4135741"]
[EventDate "2014.06.04"]

1. e4 c5 2. Nf3 Nc6 3. d4 cxd4 4. Nxd4 Nf6 5. Nc3 e5 6. Ndb5 h6 7. Nd6+ Bxd6 8.
Qxd6 Qe7 9. Nb5 Qxd6 10. Nxd6+ Ke7 11. Nf5+ Kd8 12. b3 Kc7 13. Ba3 d5 14. Bd6+
Kb6 15. Ne3 Rd8 16. exd5 Rxd6 17. Nc4+ Kc5 18. dxc6 Rxc6 19. O-O-O Ng4 20. Rd2
b5 21. Nb2 Bf5 22. h3 Nf6 23. g4 Be4 24. Rg1 Kb6 25. Be2 Nd5 26. f3 Bg6 27. Bxb5
Rxc2+ 28. Rxc2 Kxb5 29. Rc4 Ne3 30. a4+ Kb6 31. Rb4+ Ka6 32. Nc4 Nc2 33. Rb5 Nd4
34. Ra5+ Kb7 35. Rxe5 1-0

[Event "67th ch-RUS HL 2014"]
[Site "Vladivostok RUS"]
[Date "2014.06.05"]
[Round "2.14"]
[White "Shomoev, Anton"]
[Black "Khairullin, Ildar"]
[Result "1/2-1/2"]
[WhiteTitle "GM"]
[BlackTitle "GM"]
[WhiteElo "2574"]
[BlackElo "2648"]
[WhiteFideId "4135148"]
[BlackFideId "4151348"]
[EventDate "2014.06.04"]

1. e4 e5 2. Nf3 Nc6 3. Bc4 Bc5 4. c3 Nf6 5. d4 exd4 6. cxd4 Bb4+ 7. Nbd2 Nxe4 8.
O-O Bxd2 9. Nxd2 Nxd2 10. Re1+ Ne7 11. Bxd2 d5 12. Qh5 O-O 13. Bb4 Re8 14. Bxe7
Rxe7 15. Rxe7 Qxe7 16. Qxd5 c6 17. Qc5 Qxc5 18. dxc5 Kf8 19. f3 Ke7 20. Kf2 Be6
21. Bxe6 Kxe6 22. Re1+ Kd7 23. Rd1+ Kc7 24. Re1 Kd7 25. Rd1+ Kc7 26. Re1 Kd7 1/2-1/2

[Event "67th ch-RUS HL 2014"]
[Site "Vladivostok RUS"]
[Date "2014.06.05"]
[Round "2.15"]
[White "Sjugirov, Sanan"]
[Black "Egorov, Dmitry"]
[Result "1-0"]
[WhiteTitle "GM"]
[BlackTitle "FM"]
[WhiteElo "2645"]
[BlackElo "2343"]
[WhiteFideId "4189302"]
[BlackFideId "4128303"]
[EventDate "2014.06.04"]

1. e4 c6 2. d4 d5 3. e5 c5 4. dxc5 Nc6 5. Nf3 e6 6. Bd3 Bxc5 7. c3 Nge7 8. Bf4
Ng6 9. Bg3 O-O 10. O-O Bd7 11. Nbd2 Rc8 12. Nb3 Be7 13. Qe2 a6 14. Rfe1 b5 15.
a3 Rb8 16. h4 Re8 17. h5 Nf8 18. h6 g6 19. Bf4 a5 20. Qe3 Qb6 21. Nbd4 Nxd4 22.
cxd4 Rec8 23. Bg5 Qd8 24. Qf4 Be8 25. Rec1 Bxg5 26. Nxg5 Qe7 27. b4 axb4 28.
axb4 Rxc1+ 29. Rxc1 Nd7 30. Rc7 Rb6 31. g3 Rb8 32. Kg2 Rb6 33. Be2 Rb8 34. Bf3
Rb6 35. Ra7 Rc6 36. Rb7 Rb6 37. Rc7 Ra6 38. Be2 Rb6 39. Kg1 Rb8 40. Ra7 Rb6 41.
Qd2 Rb8 42. Ra5 Nf8 43. Qf4 Rb6 44. Kg2 Rb8 45. Bd3 Rb7 46. Nf3 Rb8 47. Nh2 Bc6
48. Ng4 Nd7 49. Ra7 Qd8 50. Rxd7 Bxd7 51. Nf6+ Kf8 52. Nxh7+ Kg8 53. Nf6+ Kf8
54. Bxg6 Rb7 55. Nh7+ 1-0

[Event "67th ch-RUS HL 2014"]
[Site "Vladivostok RUS"]
[Date "2014.06.05"]
[Round "2.16"]
[White "Potkin, Vladimir"]
[Black "Yuffa, Daniil"]
[Result "1/2-1/2"]
[WhiteTitle "GM"]
[BlackTitle "IM"]
[WhiteElo "2621"]
[BlackElo "2444"]
[WhiteFideId "4131061"]
[BlackFideId "24131423"]
[EventDate "2014.06.04"]

1. d4 Nf6 2. c4 g6 3. Nc3 Bg7 4. e4 d6 5. Nf3 O-O 6. h3 e5 7. d5 a5 8. g4 Na6 9.
Be3 Nd7 10. a3 Nac5 11. Rg1 a4 12. Nd2 Bf6 13. g5 Be7 14. h4 f6 15. gxf6 Bxf6
16. h5 g5 17. h6 Kh8 18. Qh5 Qe8 19. Qxe8 Rxe8 20. Nb5 Na6 21. Nf3 g4 22. Nh2
Bd8 23. Nxg4 Ndc5 24. f3 Rg8 25. Bh3 Nd3+ 26. Ke2 Bxg4 27. Bxg4 Nf4+ 28. Bxf4
exf4 29. e5 dxe5 30. Be6 Rg6 31. Bf7 Rg3 32. Rxg3 fxg3 33. Rg1 Bh4 34. d6 c6 35.
Nc3 Nc5 36. Rd1 Rf8 37. d7 Nxd7 38. Rxd7 g2 39. Rd1 Rxf7 40. Rg1 Bg5 41. Rxg2
Bxh6 42. Nxa4 Bf8 43. Rg5 Rf4 44. Nb6 e4 45. fxe4 Rxe4+ 46. Kd3 Rf4 47. Nd7 Bg7
48. Nc5 Bxb2 49. Nxb7 Bxa3 50. c5 Rf6 51. Nd8 Bb4 52. Re5 Ba5 53. Nb7 Bc7 54.
Re7 Bg3 55. Nd8 h5 56. Re6 Rxe6 57. Nxe6 h4 58. Ke4 h3 59. Kf3 h2 60. Kg2 Bf2
61. Kxh2 Bxc5 62. Nxc5 1/2-1/2

[Event "67th ch-RUS HL 2014"]
[Site "Vladivostok RUS"]
[Date "2014.06.05"]
[Round "2.17"]
[White "Riazantsev, Alexander"]
[Black "Gritsenko, Andrey"]
[Result "1-0"]
[WhiteTitle "GM"]
[BlackTitle "IM"]
[WhiteElo "2692"]
[BlackElo "2418"]
[WhiteFideId "4125029"]
[BlackFideId "4197933"]
[EventDate "2014.06.04"]

1. d4 d5 2. c4 c6 3. Nc3 Nf6 4. e3 a6 5. Nf3 e6 6. b3 Nbd7 7. Bd3 Be7 8. O-O O-O
9. Bb2 b6 10. Qc2 Bb7 11. Rad1 Qc7 12. Ne5 Rfd8 13. f4 c5 14. cxd5 exd5 15. a4
Nf8 16. Qe2 Bd6 17. g4 cxd4 18. exd4 Ne6 19. Bf5 Re8 20. g5 Bxe5 21. Qxe5 Qxe5
22. dxe5 Nh5 23. Ne2 g6 24. Bg4 Nhg7 25. Bd4 b5 26. a5 Rac8 27. Rd2 Nxd4 28.
Nxd4 Rc3 29. Rc2 Rxc2 30. Nxc2 Bc8 31. Bf3 Be6 32. Nb4 Nf5 33. Rd1 Rd8 34. Kf2
Ne7 35. Rc1 Kf8 36. Rc7 d4 37. Nxa6 d3 38. Nc5 d2 39. Bd1 Nd5 40. Nxe6+ fxe6 41.
Rxh7 Kg8 42. Rb7 Nc3 43. Bg4 d1=Q 44. Bxd1 Nxd1+ 45. Ke1 Nb2 46. Ke2 Nd3 47. Ke3
Nb4 48. Rxb5 Nd5+ 49. Kf3 Rf8 50. a6 Nc7 51. Ra5 Rb8 52. a7 Rxb3+ 53. Kg4 Na8
54. Rc5 1-0

[Event "67th ch-RUS HL 2014"]
[Site "Vladivostok RUS"]
[Date "2014.06.05"]
[Round "2.18"]
[White "Korniushin, Nikolay"]
[Black "Matlakov, Maxim"]
[Result "0-1"]
[WhiteTitle "IM"]
[BlackTitle "GM"]
[WhiteElo "2357"]
[BlackElo "2689"]
[WhiteFideId "4123808"]
[BlackFideId "4168003"]
[EventDate "2014.06.04"]

1. Nf3 Nf6 2. c4 b6 3. g3 Bb7 4. Bg2 g6 5. d4 e6 6. Nc3 Ne4 7. Nxe4 Bxe4 8. O-O
Bg7 9. b3 O-O 10. Ba3 d6 11. Rc1 Nc6 12. d5 Ne7 13. dxe6 fxe6 14. Bh3 Nf5 15.
Nd2 Bb7 16. e3 Qg5 17. Bg2 Bxg2 18. Kxg2 Rf7 19. Kh1 Nh6 20. f4 Qf5 21. Qe2 Re8
22. e4 Qa5 23. Nb1 e5 24. Qd3 exf4 25. gxf4 Ng4 26. h3 Nf6 27. Rce1 Nh5 28. b4
Qa4 29. f5 Be5 30. Rg1 Rg7 31. fxg6 hxg6 32. Nd2 Nf4 33. Qe3 Rh7 34. Rg3 Qd7 35.
Rf3 Nxh3 36. Kg2 Qg4+ 37. Kf1 Ng5 0-1

[Event "67th ch-RUS HL 2014"]
[Site "Vladivostok RUS"]
[Date "2014.06.05"]
[Round "2.19"]
[White "Evdokimov, Alexander A."]
[Black "Zhurikhin, Alexander"]
[Result "1-0"]
[WhiteTitle "GM"]
[BlackTitle "FM"]
[WhiteElo "2548"]
[BlackElo "2333"]
[WhiteFideId "4139275"]
[BlackFideId "4139569"]
[EventDate "2014.06.04"]

1. Nf3 Nf6 2. c4 b6 3. g3 Bb7 4. Bg2 g6 5. O-O Bg7 6. d4 O-O 7. d5 Na6 8. Nc3
Nc5 9. Be3 a5 10. Qc2 d6 11. Rad1 e5 12. dxe6 fxe6 13. Bh3 Qe8 14. Nb5 Qe7 15.
Bxc5 bxc5 16. Ng5 Bc8 17. Ne4 Bb7 18. Ng5 Bc8 19. Rd3 e5 20. Bxc8 Raxc8 21. Nc3
e4 22. Ngxe4 Nxe4 23. Re3 Bxc3 24. bxc3 Rce8 25. f3 Qf6 26. Rxe4 Rxe4 27. Qxe4
Qxc3 28. Rb1 Kg7 29. a4 Rf7 30. Kf2 Qf6 31. Qd5 Re7 32. Rb8 Qd4+ 33. Qxd4+ cxd4
34. Rb5 Re5 35. f4 Rxb5 36. cxb5 Kf6 37. Kf3 d5 38. g4 h5 39. Kg3 Kg7 40. Kh4
Kf6 41. h3 1-0

[Event "67th ch-RUS HL 2014"]
[Site "Vladivostok RUS"]
[Date "2014.06.05"]
[Round "2.20"]
[White "Nechaev, Oleg"]
[Black "Moiseenko, Vadim"]
[Result "0-1"]
[BlackTitle "IM"]
[WhiteElo "2331"]
[BlackElo "2474"]
[WhiteFideId "24113409"]
[BlackFideId "4123700"]
[EventDate "2014.06.04"]

1. d4 Nf6 2. c4 d6 3. Nc3 e5 4. e4 exd4 5. Qxd4 Nc6 6. Qd2 g6 7. Nf3 Bg7 8. Be2
O-O 9. O-O Re8 10. Qf4 Nh5 11. Qd2 Nf6 12. Qf4 h6 13. Bd3 Nb4 14. Bb1 Na6 15.
Rd1 Nc5 16. e5 dxe5 17. Rxd8 exf4 18. Rxe8+ Nxe8 19. Bxf4 Be6 20. Ne5 Rd8 21.
Bc2 g5 22. Bg3 f6 23. Nf3 Bxc4 24. Rc1 c6 25. b4 Na6 26. a3 Nec7 27. h3 Be6 28.
Na4 Nb5 29. Re1 Nxa3 30. Rxe6 Nxc2 31. Re7 b5 32. Rxa7 bxa4 33. Rxa6 a3 34. Kf1
Rd3 35. Ke2 Nxb4 36. Ra8+ Kh7 37. Nd2 f5 0-1

[Event "67th ch-RUS HL 2014"]
[Site "Vladivostok RUS"]
[Date "2014.06.05"]
[Round "2.21"]
[White "Airapetian, Gor"]
[Black "Rychkov, Oleg"]
[Result "1-0"]
[WhiteTitle "IM"]
[BlackTitle "FM"]
[WhiteElo "2472"]
[BlackElo "2333"]
[WhiteFideId "4177916"]
[BlackFideId "4122852"]
[EventDate "2014.06.04"]

1. d4 Nf6 2. c4 g6 3. Nc3 d5 4. Bf4 Bg7 5. e3 O-O 6. Rc1 c5 7. dxc5 dxc4 8. Qxd8
Rxd8 9. Bxc4 Na6 10. c6 bxc6 11. Nf3 Nd5 12. Be5 Nb6 13. Be2 f6 14. Bg3 e5 15.
O-O Bb7 16. Rfd1 Nc5 17. Ne1 Bf8 18. Nd3 Nxd3 19. Bxd3 c5 20. f4 exf4 21. exf4
c4 22. Be2 Bd6 23. Nb5 Bb4 24. Bf2 Bd2 25. Rc2 Ba5 26. Nd6 Bd5 27. Bc5 Kg7 28.
Rcc1 Rab8 29. Ba3 Be6 30. Kf1 Rd7 31. Bf3 Kh6 32. g4 c3 33. b3 Nc8 34. Ne4 Rxd1+
35. Rxd1 Bb4 36. g5+ fxg5 37. fxg5+ Kg7 38. Bxb4 Rxb4 39. Nxc3 Rf4 40. Kg2 Bg4
41. Rd3 Bxf3+ 42. Rxf3 Rg4+ 43. Rg3 Rd4 44. Kf1 Nd6 45. Ke2 Rh4 46. h3 Kf7 47.
Kd3 Rf4 48. Ne2 Rf1 49. Nd4 Rd1+ 50. Ke3 Re1+ 51. Kd2 Ra1 52. Rf3+ Ke7 53. Re3+
Kd7 54. a4 Rg1 55. Nf3 Rg2+ 56. Kc3 Nf5 57. Rd3+ Kc7 58. b4 a6 59. Kc4 Rg3 60.
h4 Kb6 61. a5+ Kc7 62. Ne5 Rxd3 63. Nxd3 Kb7 64. Nc5+ Ka7 65. Kd5 Nxh4 66. Ke6
Nf3 67. Kf6 Nd4 68. Kg7 Nf3 69. Kh6 Kb8 70. Nxa6+ Kb7 71. b5 Nd4 72. Nc5+ Kc7
73. b6+ Kc6 74. b7 Kc7 75. Kxh7 Nc6 76. a6 1-0

[Event "67th ch-RUS HL 2014"]
[Site "Vladivostok RUS"]
[Date "2014.06.05"]
[Round "2.22"]
[White "Muratov, Sergey"]
[Black "Diu, Viacheslav"]
[Result "0-1"]
[WhiteTitle "FM"]
[BlackTitle "IM"]
[WhiteElo "2219"]
[BlackElo "2468"]
[WhiteFideId "4131355"]
[BlackFideId "4167465"]
[EventDate "2014.06.04"]

1. d4 Nf6 2. c4 g6 3. Nf3 Bg7 4. g3 d5 5. Bg2 O-O 6. O-O dxc4 7. Qc2 b5 8. a4 c6
9. axb5 cxb5 10. Nc3 Qb6 11. b3 Bf5 12. e4 cxb3 13. Qxb3 Nxe4 14. Nh4 Nxc3 15.
Nxf5 Ne2+ 16. Kh1 gxf5 17. Bxa8 Nxd4 18. Qa2 Nbc6 0-1

[Event "67th ch-RUS HL 2014"]
[Site "Vladivostok RUS"]
[Date "2014.06.05"]
[Round "2.23"]
[White "Chekhov, Sergei"]
[Black "Kravtsov, Sergey"]
[Result "0-1"]
[WhiteTitle "IM"]
[BlackTitle "IM"]
[WhiteElo "2467"]
[BlackElo "2311"]
[WhiteFideId "4195639"]
[BlackFideId "4123816"]
[EventDate "2014.06.04"]

1. e4 e6 2. d4 d5 3. Nc3 Bb4 4. e5 c5 5. Qg4 Ne7 6. dxc5 Nbc6 7. Bd2 O-O 8. Bd3
d4 9. Nf3 Ng6 10. Bxg6 fxg6 11. Ne4 Bxd2+ 12. Nexd2 Qd5 13. Qe4 Qxc5 14. O-O d3
15. cxd3 Nb4 16. Rac1 Qe7 17. Nc4 Nxa2 18. Ra1 Nb4 19. Nb6 Rb8 20. Rxa7 Rd8 21.
h4 Nd5 22. Nxd5 Rxd5 23. Rc1 Qd8 24. d4 Bd7 25. Qf4 h6 26. Qg4 Kh7 27. Rc5 Bc6
28. Rxc6 bxc6 29. Qxe6 c5 30. dxc5 Rxc5 31. h5 gxh5 32. Qf7 Qf8 33. Qxh5 Qe8 34.
Ng5+ Kg8 35. Nf7 Qe6 36. f4 Rf8 37. Nd6 Qxd6 38. Qg4 Qd4+ 39. Kh1 Rc1+ 0-1